Chapman Library

Human physiology (Record no. 2254)

000 -LEADER
fixed length control field 00380nam a22001457a 4500
020 ## - INTERNATIONAL STANDARD BOOK NUMBER
ISBN 9780073378114
050 ## - LIBRARY OF CONGRESS CALL NUMBER
Classification number QP 34.5 fox
100 ## - MAIN ENTRY--AUTHOR NAME
Personal name FOX, Stuart Ira
245 ## - TITLE STATEMENT
Title Human physiology
250 ## - EDITION STATEMENT
Edition statement 12th
260 ## - PUBLICATION, DISTRIBUTION, ETC. (IMPRINT)
Place of publication New York
Name of publisher McGraw-Hill / Connect Learn Succeed
Year of publication 2011
300 ## - PHYSICAL DESCRIPTION
Number of Pages xxii, 809p., illus, includes index
650 ## - SUBJECT ADDED ENTRY--TOPICAL TERM
Topical Term Human physiology - Textbooks
942 ## - ADDED ENTRY ELEMENTS (KOHA)
Koha item type Books
Holdings
Koha item type Shelving location Accession Number Permanent Location Current Location Date acquired Full call number
BooksLending3870 c1Chapman LibraryChapman Library2017-02-14QP 34.5 fox
BooksLending3871 c2Chapman LibraryChapman Library2017-02-14QP 34.5 fox
BooksLending3872 c3Chapman LibraryChapman Library2017-02-14QP 34.5 fox
BooksReference3873 c4Chapman LibraryChapman Library2017-02-14QP 34.5 fox
BooksReference3874 c5Chapman LibraryChapman Library2017-02-14QP 34.5 fox


CSUC Chapman Library is a Koha Automated Library.


Contact us: library@csuc.edu.gh.